Văn hóa làng Việt Nam qua ca dao dân gian
Tài liệu tham khảo: tr. 208-210;
保存先:
| 第一著者: | |
|---|---|
| フォーマット: | 図書 |
| 言語: | Undetermined |
| 出版事項: |
H.
Văn hóa - Thông tin
2015
|
| 主題: | |
| オンライン・アクセス: | http://lrc.tdmu.edu.vn/opac/search/detail.asp?aID=2&ID=25954 |
| タグ: |
タグ追加
タグなし, このレコードへの初めてのタグを付けませんか!
|
| Thư viện lưu trữ: | Trung tâm Học liệu Trường Đại học Thủ Dầu Một |
|---|
| LEADER | 00953nam a2200205Ia 4500 | ||
|---|---|---|---|
| 001 | TDMU_25954 | ||
| 008 | 210410s9999 xx 000 0 und d | ||
| 082 | |a 390.09597 | ||
| 090 | |b B510 | ||
| 100 | |a Bùi, Xuân Mỹ | ||
| 245 | 0 | |a Văn hóa làng Việt Nam qua ca dao dân gian | |
| 245 | 0 | |c Bùi Xuân Mỹ (biên soạn) | |
| 260 | |a H. | ||
| 260 | |b Văn hóa - Thông tin | ||
| 260 | |c 2015 | ||
| 300 | |a 212 tr. | ||
| 520 | |a Tài liệu tham khảo: tr. 208-210; |g Phần 1. |t Làng Việt cổ và văn hóa làng -- |g Phần 2. |t Văn hóa làng Việt Nam qua ca dao dân gian -- |g Phần phụ lục. |t Ca dao làng Việt | ||
| 650 | |a Văn hóa dân tộc; Văn hóa Việt Nam |x Ca dao dân gian; Văn hóa làng xã |x Ca dao |z Việt Nam | ||
| 856 | |u http://lrc.tdmu.edu.vn/opac/search/detail.asp?aID=2&ID=25954 | ||
| 980 | |a Trung tâm Học liệu Trường Đại học Thủ Dầu Một | ||